| 000 | 00393nam a22001577a 4500 | ||
|---|---|---|---|
| 003 | CEME | ||
| 005 | 20210628205037.0 | ||
| 008 | 210224b xxu||||| |||| 00| 0 eng d | ||
| 020 | _a1-56-91-377-0 | ||
| 040 | _c. | ||
| 082 | _a629.232 WRI'T | ||
| 100 |
_aWright, Don H _973586 |
||
| 245 | _aTesting automotive materials and comonents | ||
| 260 |
_aWARIRENDOLS _bSAE _c1993 |
||
| 942 |
_cBK _2ddc |
||
| 999 |
_c579272 _d579272 |
||